<?xml version="1.0" encoding="UTF-8"?>
<record
    xmlns:xsi="http://www.w3.org/2001/XMLSchema-instance"
    xsi:schemaLocation="http://www.loc.gov/MARC21/slim http://www.loc.gov/standards/marcxml/schema/MARC21slim.xsd"
    xmlns="http://www.loc.gov/MARC21/slim">

  <leader>01404nam a22002537a 4500</leader>
  <controlfield tag="005">20080609172054.0</controlfield>
  <controlfield tag="008">080625t        xxu||||| |||| 00| 0 hin d</controlfield>
  <datafield tag="010" ind1=" " ind2=" ">
    <subfield code="a">HIN-83626</subfield>
  </datafield>
  <datafield tag="020" ind1=" " ind2=" ">
    <subfield code="c">200.00</subfield>
  </datafield>
  <datafield tag="035" ind1=" " ind2=" ">
    <subfield code="a">HN-55972</subfield>
  </datafield>
  <datafield tag="037" ind1=" " ind2=" ">
    <subfield code="b">&#x92A;&#x941;.&#x92A;&#x94D;&#x930;.&#x905;.&#x92A;&#x94D;&#x930; /&#x92A;&#x94D;&#x930;&#x915;&#x93E;</subfield>
  </datafield>
  <datafield tag="040" ind1=" " ind2=" ">
    <subfield code="a">DPL</subfield>
    <subfield code="b">HN</subfield>
  </datafield>
  <datafield tag="082" ind1=" " ind2=" ">
    <subfield code="a">230.45 / &#x907;&#x902;&#x926;&#x93E;&#x92A;</subfield>
  </datafield>
  <datafield tag="100" ind1=" " ind2=" ">
    <subfield code="a">&#x907;&#x902;&#x926;&#x93E;&#x92A;&#x935;&#x93E;&#x930;, &#x905;&#x932;&#x915;&#x93E; &#x938;&#x902;&#x91C;&#x92F;</subfield>
  </datafield>
  <datafield tag="245" ind1=" " ind2=" ">
    <subfield code="a">&#x928;&#x93E;&#x92E;&#x938;&#x93E;&#x927;&#x928;&#x93E; /</subfield>
    <subfield code="c">&#x905;&#x932;&#x915;&#x93E; &#x938;&#x902;&#x91C;&#x92F; &#x907;&#x902;&#x926;&#x93E;&#x92A;&#x935;&#x93E;&#x930;; &#x932;&#x940;&#x928;&#x93E; &#x930;&#x938;&#x94D;&#x924;&#x94B;&#x917;&#x940; &#x926;&#x94D;&#x935;&#x93E;&#x930;&#x93E; &#x905;&#x928;&#x941;&#x926;&#x93F;&#x924;</subfield>
  </datafield>
  <datafield tag="246" ind1=" " ind2=" ">
    <subfield code="a">Naamsadhana</subfield>
    <subfield code="b">by Alka Sanjay Indapawar ; translated by Leena Rastogi</subfield>
  </datafield>
  <datafield tag="260" ind1=" " ind2=" ">
    <subfield code="a">&#x928;&#x935;&#x940; &#x92E;&#x941;&#x902;&#x92C;&#x908;</subfield>
    <subfield code="b">&#x92A;&#x902;&#x91A;&#x932;&#x924;&#x93F;&#x915;&#x93E; &#x917;&#x94D;&#x930;&#x902;&#x925; &#x928;&#x94D;&#x92F;&#x93E;&#x938;</subfield>
    <subfield code="c">2007</subfield>
  </datafield>
  <datafield tag="270" ind1=" " ind2=" ">
    <subfield code="a">4, &#x905;&#x91F;&#x932;&#x93E;&#x91F;&#x93E;, &#x92A;&#x94D;&#x932;&#x93E;&#x91F; &#x915;&#x94D;&#x930;.29, &#x938;&#x947;&#x915;&#x94D;&#x91F;&#x930; 40, &#x928;&#x947;&#x930;&#x942;&#x932; (&#x92A;&#x936;&#x94D;&#x91A;&#x93F;&#x92E;)</subfield>
    <subfield code="b">&#x928;&#x935;&#x940; &#x92E;&#x941;&#x902;&#x92C;&#x908;</subfield>
    <subfield code="e">400706</subfield>
  </datafield>
  <datafield tag="300" ind1=" " ind2=" ">
    <subfield code="a">181&#x92A;&#x943;</subfield>
    <subfield code="c">22&#x938;&#x947;&#x92E;&#x940;(&#x938;&#x91C;&#x93F;&#x932;&#x94D;&#x926;)</subfield>
    <subfield code="b">&#x938;&#x91A;&#x93F;&#x924;&#x94D;&#x930;</subfield>
  </datafield>
  <datafield tag="650" ind1=" " ind2=" ">
    <subfield code="a">Religion-Hindu</subfield>
  </datafield>
  <datafield tag="700" ind1=" " ind2=" ">
    <subfield code="a">&#x930;&#x938;&#x94D;&#x924;&#x94B;&#x917;&#x940;, &#x932;&#x940;&#x928;&#x93E;</subfield>
  </datafield>
  <datafield tag="942" ind1=" " ind2=" ">
    <subfield code="2">ddc</subfield>
    <subfield code="c">HN</subfield>
    <subfield code="h">230.45</subfield>
    <subfield code="m"> &#x907;&#x902;&#x926;&#x93E;&#x92A;</subfield>
  </datafield>
  <datafield tag="999" ind1=" " ind2=" ">
    <subfield code="c">13991</subfield>
    <subfield code="d">13991</subfield>
  </datafield>
  <datafield tag="952" ind1=" " ind2=" ">
    <subfield code="0">0</subfield>
    <subfield code="1">0</subfield>
    <subfield code="2">ddc</subfield>
    <subfield code="4">0</subfield>
    <subfield code="7">1</subfield>
    <subfield code="8">NFIC</subfield>
    <subfield code="a">DBAD</subfield>
    <subfield code="b">DBAD</subfield>
    <subfield code="d">2008-06-25</subfield>
    <subfield code="e">&#x92A;&#x941;.&#x92A;&#x94D;&#x930;.&#x905;.&#x92A;&#x94D;&#x930; /&#x92A;&#x94D;&#x930;&#x915;&#x93E;</subfield>
    <subfield code="g">200.00</subfield>
    <subfield code="l">0</subfield>
    <subfield code="o">230.45  &#x907;&#x902;&#x926;&#x93E;&#x92A;</subfield>
    <subfield code="p">HN-55972</subfield>
    <subfield code="r">2008-09-15 00:00:00</subfield>
    <subfield code="t">1</subfield>
    <subfield code="v">200.00</subfield>
    <subfield code="w">2008-09-15</subfield>
    <subfield code="y">HN</subfield>
  </datafield>
</record>
